[Event "Ruy Lopez U1400"]
[Site "Gatineau CAN"]
[Date "2022.11.22"]
[Round "4"]
[White "Gratton, Constant"]
[Black "Boutin, Michel"]
[Result "1-0"]
[WhiteElo "1252"]
[BlackElo "1129"]
[PlyCount "105"]
[EventDate "2022.11.01"]
[EventType "swiss"]
[EventRounds "7"]
[EventCountry "CAN"]
[TimeControl "60+30"]

1. e4 e5 2. Nf3 Nc6 3. Bb5 a6 4. Bc4 Nf6 5. Nc3 h6 6. d4 d6 7. d5 Nb8 8. a3
Nbd7 9. b4 Nb6 10. Bb3 Bg4 11. Be3 c6 12. h3 Bd7 13. Qd3 Be7 14. a4 O-O 15. a5
Nc8 16. Na4 c5 17. c3 Na7 18. Nb6 Rb8 19. Nd2 cxb4 20. cxb4 Bb5 21. Ndc4 Nc8
22. Qc2 Nxb6 23. Nxb6 Nd7 24. Ba4 Nxb6 25. Bxb6 Qd7 26. Qc7 Qe8 27. Qc2 Rc8 28.
Qb3 Rc4 29. Bxb5 Qxb5 30. O-O Rxb4 31. Qe3 f5 32. f3 Bg5 33. Qa3 fxe4 34. Bc7
Qc5+ 35. Kh1 Rc8 36. Rfc1 Bxc1 37. Rxc1 Qb5 38. Bxd6 Rb1 39. Rxb1 Qxb1+ 40. Kh2
Rc1 41. Bxe5 Rh1+ 42. Kg3 Qg1 43. Qe7 Qh2+ 44. Kf2 Qg1+ 45. Kg3 Qe1+ 46. Kg4
h5+ 47. Kg5 Qe3+ 48. Kg6 Qh6+ 49. Kf5 exf3 50. gxf3 Rxh3 51. f4 Qh7+ 52. Ke6
Re3 53. Qe8# 1-0

[Event "Ruy Lopez U1400"]
[Site "Gatineau CAN"]
[Date "2022.11.22"]
[Round "4"]
[White "Gratton, Marcel"]
[Black "Sosa, Byron"]
[Result "1-0"]
[WhiteElo "1102"]
[BlackElo "1092"]
[PlyCount "55"]
[EventDate "2022.11.01"]
[EventType "swiss"]
[EventRounds "7"]
[EventCountry "CAN"]
[TimeControl "60+30"]

1. e4 e5 2. Nf3 Nc6 3. Nc3 Nf6 4. Bb5 a6 5. Bxc6 dxc6 6. Nxe5 Qd4 7. Nd3 Nxe4
8. Qe2 Bf5 9. f3 O-O-O 10. fxe4 Re8 11. Nf2 Bc5 12. O-O h5 13. Qf3 Re5 14. exf5
Bd6 15. f6 g6 16. Ne2 Rxe2 17. Qxe2 Qh4 18. g3 Qxf6 19. d3 g5 20. Ne4 Qd4+ 21.
Qf2 Qg7 22. Bxg5 Be5 23. c3 f5 24. Qxf5+ Kb8 25. Bf6 Bxf6 26. Nxf6 Qe7 27. Rae1
Qf7 28. Nd7+ 1-0

[Event "Ruy Lopez U1400"]
[Site "Gatineau CAN"]
[Date "2022.11.22"]
[Round "4"]
[White "Moraga, Hernan"]
[Black "Gagne, Learry"]
[Result "1-0"]
[WhiteElo "1234"]
[BlackElo "1132"]
[PlyCount "115"]
[EventDate "2022.11.01"]
[EventType "swiss"]
[EventRounds "7"]
[EventCountry "CAN"]
[TimeControl "60+30"]

1. e4 e6 2. Nf3 d5 3. exd5 exd5 4. d4 Nf6 5. Bg5 Nbd7 6. Bd3 Be7 7. O-O O-O 8.
Nc3 c5 9. b3 cxd4 10. Nxd4 Re8 11. a3 Qb6 12. Nce2 Bc5 13. Be3 Ne5 14. b4 Bxd4
15. Bxd4 Qc7 16. Re1 Nxd3 17. Qxd3 Ng4 18. Ng3 Ne5 19. Qc3 Qxc3 20. Bxc3 f6 21.
f4 Nf3+ 22. gxf3 Bd7 23. Rxe8+ Rxe8 24. Bd4 b6 25. Kf2 Kf7 26. Rc1 Bb5 27. Ra1
g6 28. a4 Bc4 29. a5 bxa5 30. Rxa5 a6 31. h4 h5 32. f5 gxf5 33. Nxf5 Re2+ 34.
Kg3 Rxc2 35. Nd6+ Kg6 36. Nxc4 Rxc4 37. Bc5 d4 38. Rxa6 d3 39. Rd6 Rc3 40. Be3
Kf5 41. Bd2 Rb3 42. Rd5+ Kg6 43. b5 Kf7 44. Rd4 Ke6 45. Bb4 d2 46. Bxd2 Rxb5
47. Kf4 Rd5 48. Re4+ Kd7 49. Bc3 f5 50. Re5 Rxe5 51. Kxe5 f4 52. Kxf4 Ke6 53.
Kg5 Kf7 54. f4 Kg8 55. Kxh5 Kf7 56. Kh6 Ke6 57. Be5 Kf5 58. h5 1-0

[Event "Ruy Lopez U1400"]
[Site "Gatineau CAN"]
[Date "2022.11.22"]
[Round "4"]
[White "Piche, Danielle"]
[Black "Laflamme, Mathieu"]
[Result "0-1"]
[WhiteElo "989"]
[BlackElo "950"]
[PlyCount "20"]
[EventDate "2022.11.01"]
[EventType "swiss"]
[EventRounds "7"]
[EventCountry "CAN"]
[TimeControl "60+30"]

1. e4 c6 2. Nc3 d5 3. d4 dxe4 4. Nxe4 Bf5 5. Bd3 e6 6. Ne2 Nf6 7. N2g3 Qxd4 8.
Bf4 Bxe4 9. Nxe4 Nxe4 10. c3 Qxf2# 0-1

[Event "Ruy Lopez U1400"]
[Site "Gatineau CAN"]
[Date "2022.11.29"]
[Round "5"]
[White "Arvisais, Eric"]
[Black "Paradis, Emile"]
[Result "0-1"]
[WhiteElo "1190"]
[BlackElo "1340"]
[PlyCount "68"]
[EventDate "2022.11.01"]
[EventType "swiss"]
[EventRounds "7"]
[EventCountry "CAN"]
[TimeControl "60+30"]

1. e4 e5 2. Nf3 Nc6 3. Bc4 Bc5 4. O-O Nf6 5. Nc3 O-O 6. d3 h6 7. Bd2 a6 8. h3
b5 9. Bb3 Bb7 10. a4 Na5 11. axb5 Nxb3 12. cxb3 d6 13. Be3 Bxe3 14. fxe3 axb5
15. Nxb5 c6 16. Nc3 Qb6 17. d4 Rxa1 18. Qxa1 Ra8 19. Qd1 exd4 20. Nxd4 c5 21.
Nf5 Nxe4 22. Nxe4 Bxe4 23. Ne7+ Kf8 24. Nd5 Qc6 25. Nf4 Re8 26. Re1 g5 27. Nd3
Bxg2 28. Qh5 Kg7 29. Qg4 Bf3 30. Qc4 Bh1 31. Qg4 Qf3 32. Kh2 Rxe3 33. Rxh1 Qxg4
34. hxg4 Rxd3 0-1

[Event "Ruy Lopez U1400"]
[Site "Gatineau CAN"]
[Date "2022.11.29"]
[Round "5"]
[White "Boutin, Michel"]
[Black "Levesque, Sabin"]
[Result "1-0"]
[WhiteElo "1129"]
[BlackElo "962"]
[PlyCount "62"]
[EventDate "2022.11.01"]
[EventType "swiss"]
[EventRounds "7"]
[EventCountry "CAN"]
[TimeControl "60+30"]

1. e4 d6 2. Nf3 Nf6 3. d3 Nbd7 4. Nc3 e5 5. Bg5 h6 6. Bh4 Be7 7. Be2 Nf8 8. h3
Be6 9. a4 d5 10. Qd2 Ng6 11. Bxf6 Bxf6 12. g3 O-O 13. O-O-O d4 14. Nb5 a6 15.
Na3 Be7 16. Nb1 Qd7 17. a5 Rfc8 18. c3 Qa4 19. cxd4 c5 20. d5 c4 21. dxc4 Bb4
22. Nc3 Qa1+ 23. Kc2 Qxd1+ 24. Qxd1 Bd7 25. h4 Rc5 26. h5 Ne7 27. Nxe5 Be8 28.
Qd4 Rac8 29. Ra1 Bxa5 30. Rxa5 Rxa5 31. Qb6 Ba4+ 1-0

[Event "Ruy Lopez U1400"]
[Site "Gatineau CAN"]
[Date "2022.11.29"]
[Round "5"]
[White "Gagne, Learry"]
[Black "Gratton, Constant"]
[Result "1/2-1/2"]
[WhiteElo "1132"]
[BlackElo "1252"]
[PlyCount "127"]
[EventDate "2022.11.01"]
[EventType "swiss"]
[EventRounds "7"]
[EventCountry "CAN"]
[TimeControl "60+30"]

1. d4 d5 2. c4 dxc4 3. Nc3 e6 4. e3 Bb4 5. Qc2 Nf6 6. a3 Bxc3+ 7. bxc3 b5 8. a4
c6 9. g3 O-O 10. Bg2 Re8 11. axb5 Qb6 12. Rb1 Qc7 13. Nf3 h6 14. O-O Bd7 15.
Ne5 Nd5 16. Nxd7 Qxd7 17. bxc6 Nxc6 18. e4 Nc7 19. Qa4 Rab8 20. Bf4 Rbd8 21.
Qxc4 e5 22. dxe5 Nxe5 23. Bxe5 Rxe5 24. f4 Ree8 25. Rfd1 Qxd1+ 26. Rxd1 Rxd1+
27. Kf2 Rd2+ 28. Kf3 Ne6 29. Bf1 Red8 30. h4 Rh2 31. f5 Nf8 32. Qb3 Rhd2 33.
Bc4 R2d7 34. Bd5 Rc8 35. e5 Rdc7 36. c4 Re7 37. Qc3 Rcc7 38. f6 gxf6 39. exf6
Re8 40. Qd2 Kh7 41. Be4+ Ng6 42. h5 Rxe4 43. hxg6+ Kxg6 44. Kxe4 Rxc4+ 45. Kd5
Rg4 46. Qf2 Rg5+ 47. Ke4 a5 48. Qc2 Kxf6 49. Kf4 Kg7 50. Ke4 Rxg3 51. Qc5 Rg5
52. Qc3+ f6 53. Kf4 h5 54. Qc7+ Kg6 55. Qd8 Rg4+ 56. Kf3 a4 57. Qe8+ Kf5 58.
Qc8+ Kg6 59. Qe8+ Kg5 60. Qe3+ Kh4 61. Qe1+ Kg5 62. Qe3+ Kg6 63. Qe8+ Kg5 64.
Qe3+ 1/2-1/2

[Event "Ruy Lopez U1400"]
[Site "Gatineau CAN"]
[Date "2022.11.29"]
[Round "5"]
[White "Gratton, Marcel"]
[Black "Chenard, Paul"]
[Result "1-0"]
[WhiteElo "1102"]
[BlackElo "993"]
[PlyCount "87"]
[EventDate "2022.11.01"]
[EventType "swiss"]
[EventRounds "7"]
[EventCountry "CAN"]
[TimeControl "60+30"]

1. e4 e5 2. Nf3 Nc6 3. Nc3 Nf6 4. Bb5 a6 5. Bxc6 dxc6 6. Nxe5 Qe7 7. d4 Be6 8.
d5 O-O-O 9. dxe6 Rxd1+ 10. Nxd1 Qb4+ 11. Nc3 Nxe4 12. O-O Bc5 13. Nxe4 Qxe4 14.
Nxf7 Rf8 15. Ng5 Qf5 16. Be3 Bd6 17. c3 h6 18. Nf3 Qh5 19. h3 Rxf3 20. Rfe1
Rxh3 21. gxh3 Qxh3 22. e7 Bxe7 23. Bd4 Kd7 24. Re3 Qg4+ 25. Kf1 c5 26. Be5 Bh4
27. Rd1+ Kc6 28. Rde1 Qc4+ 29. R3e2 Bxf2 30. Kxf2 Qf7+ 31. Kg1 Qg6+ 32. Rg2 Qf5
33. Bxg7 Qf3 34. c4 Qf7 35. Bxh6 Qxc4 36. b3 Qd4+ 37. Be3 Qh4 38. Bf2 Qb4 39.
Rg6+ Kb5 40. Rg5 Qf4 41. Rxc5+ Kb4 42. Rc4+ Qxc4 43. bxc4 Kxc4 44. Rc1+ 1-0

[Event "Ruy Lopez U1400"]
[Site "Gatineau CAN"]
[Date "2022.11.29"]
[Round "5"]
[White "Vachon, Jean-Clement"]
[Black "Couture, Vincent"]
[Result "0-1"]
[WhiteElo "1133"]
[BlackElo "1357"]
[PlyCount "68"]
[EventDate "2022.11.01"]
[EventType "swiss"]
[EventRounds "7"]
[EventCountry "CAN"]
[TimeControl "60+30"]

1. e4 e5 2. Nf3 Nc6 3. d4 Qf6 4. Nc3 Nxd4 5. Nxd4 exd4 6. Nd5 Qe5 7. f3 c6 8.
Bf4 Qh5 9. Nc7+ Kd8 10. Nxa8 Bb4+ 11. Bd2 Bc5 12. b4 Bd6 13. c3 Be5 14. cxd4
Bxd4 15. Bg5+ Bf6 16. Qd6 Ne7 17. Bxf6 gxf6 18. Qc7+ Ke8 19. Qf4 Kf8 20. Qxf6
Rg8 21. a4 d5 22. Rd1 Rg6 23. Qh8+ Ng8 24. Qc3 Qh4+ 25. g3 Qe7 26. Qc5 Rd6 27.
Bd3 Nf6 28. Kf2 Nd7 29. Qc3 Ne5 30. f4 Rf6 31. exd5 Ng4+ 32. Kf3 Qe3+ 33. Kg2
Qf2+ 34. Kh3 Rh6# 0-1

[Event "Ruy Lopez U1400"]
[Site "Gatineau CAN"]
[Date "2022.12.06"]
[Round "6"]
[White "Albert, Michel"]
[Black "Gratton, Marcel"]
[Result "1-0"]
[WhiteElo "1253"]
[BlackElo "1102"]
[PlyCount "93"]
[EventDate "2022.11.01"]
[EventType "swiss"]
[EventRounds "7"]
[EventCountry "CAN"]
[TimeControl "60+30"]

1. d4 d5 2. Bf4 Nc6 3. c3 e6 4. e3 Bd6 5. Bg3 Bxg3 6. hxg3 Nf6 7. Nd2 a6 8.
Ngf3 h6 9. a4 b6 10. Bd3 a5 11. Nb1 Ba6 12. Bxa6 Rxa6 13. Na3 Qd7 14. Qd3 Ra8
15. Nh4 Ne4 16. Nb1 Ne7 17. Qb5 Qxb5 18. axb5 Nd6 19. Na3 O-O 20. Rc1 Rac8 21.
Nf3 f6 22. Nd2 c5 23. O-O Nef5 24. c4 cxd4 25. c5 dxe3 26. fxe3 Nxe3 27. Rfe1
Nef5 28. cxd6 Rxc1 29. Rxc1 Nxg3 30. Rc6 Rb8 31. d7 Rd8 32. Rc8 Rxc8 33.
dxc8=Q+ Kh7 34. Qc7 e5 35. Qxb6 d4 36. Qxa5 e4 37. Nac4 d3 38. Qa1 f5 39. b6 f4
40. b7 e3 41. b8=Q Ne2+ 42. Kh2 exd2 43. Nxd2 g5 44. Qaa7+ Kg6 45. Qe8+ Kf5 46.
Qb5+ Kg6 47. Qxd3+ 1-0

[Event "Ruy Lopez U1400"]
[Site "Gatineau CAN"]
[Date "2022.12.06"]
[Round "6"]
[White "Boutin, Michel"]
[Black "Arvisais, Eric"]
[Result "0-1"]
[WhiteElo "1129"]
[BlackElo "1190"]
[PlyCount "72"]
[EventDate "2022.11.01"]
[EventType "swiss"]
[EventRounds "7"]
[EventCountry "CAN"]
[TimeControl "60+30"]

1. e4 d5 2. d4 c6 3. e5 Bf5 4. Nf3 Nd7 5. Nc3 e6 6. a3 Ne7 7. Bg5 g6 8. a4 a5
9. Bd3 Qb6 10. b3 h6 11. Bh4 g5 12. Bg3 c5 13. Bxf5 Nxf5 14. Nb5 cxd4 15. Nfxd4
Nxg3 16. hxg3 Nxe5 17. O-O Nc6 18. Qh5 Nxd4 19. Nxd4 Qxd4 20. Rab1 Bc5 21. Rbe1
e5 22. Rd1 Qe4 23. Rfe1 Qg6 24. Rxe5+ Kf8 25. Qf3 Rd8 26. Rexd5 Rxd5 27. Qxd5
Qb6 28. Qe5 Bxf2+ 29. Kh2 Rg8 30. Qb8+ Kg7 31. Qe5+ Qf6 32. Qxa5 b6 33. Qd2 Bc5
34. a5 bxa5 35. Qxa5 Bb6 36. Qb4 Rb8 0-1

[Event "Ruy Lopez U1400"]
[Site "Gatineau CAN"]
[Date "2022.12.06"]
[Round "6"]
[White "Chenard, Paul"]
[Black "Laflamme, Mathieu"]
[Result "0-1"]
[WhiteElo "993"]
[BlackElo "950"]
[PlyCount "100"]
[EventDate "2022.11.01"]
[EventType "swiss"]
[EventRounds "7"]
[EventCountry "CAN"]
[TimeControl "1"]

1. e3 d5 2. Nc3 c6 3. d4 Nf6 4. h3 Bf5 5. g4 Bg6 6. Nf3 e6 7. Nb5 cxb5 8. Bxb5+
Nc6 9. Ne5 Qa5+ 10. Bd2 Qxb5 11. b3 Bb4 12. c3 Bd6 13. c4 dxc4 14. Nxc4 Ne4 15.
Nxd6+ Nxd6 16. a4 Qd3 17. Rc1 Ne4 18. Rf1 Nxd2 19. Qxd2 Qxb3 20. Qc3 Qxc3+ 21.
Rxc3 O-O 22. f4 f5 23. Kd2 fxg4 24. hxg4 Rac8 25. Rfc1 h6 26. a5 a6 27. Rc5 Be4
28. g5 hxg5 29. Rxg5 Rf5 30. Rg6 Ne7 31. Rxe6 Rxc1 32. Kxc1 Nc6 33. Rxe4 Rxa5
34. Kd2 Rb5 35. Re8+ Kf7 36. Re4 a5 37. f5 a4 38. Kc2 a3 39. Rf4 a2 40. Rf1 Kf6
41. Ra1 Ra5 42. Kb2 Kxf5 43. Rxa2 Rxa2+ 44. Kxa2 Ke4 45. Kb3 Nxd4+ 46. exd4
Kxd4 47. Kb4 g5 48. Kb5 g4 49. Kb6 g3 50. Kxb7 g2 0-1

[Event "Ruy Lopez U1400"]
[Site "Gatineau CAN"]
[Date "2022.12.06"]
[Round "6"]
[White "Couture, Vincent"]
[Black "Decarufel-Lebeau, Lucas"]
[Result "1-0"]
[WhiteElo "1357"]
[BlackElo "1389"]
[PlyCount "61"]
[EventDate "2022.11.01"]
[EventType "swiss"]
[EventRounds "7"]
[EventCountry "CAN"]

1. e4 e5 2. Nc3 Nc6 3. Nf3 Nf6 4. Bc4 Bc5 5. O-O Ng4 6. d4 exd4 7. Nxd4 Nce5 8.
f3 Qh4 9. Bf4 Nxc4 10. fxg4 d6 11. h3 g5 12. Bc1 Bd7 13. Nd5 O-O-O 14. b4 c6
15. bxc5 cxd5 16. Nf5 Bxf5 17. exf5 Rhe8 18. Rb1 dxc5 19. Rb3 Re7 20. Kh2 Rde8
21. g3 Qh6 22. Rf2 Re1 23. Qxd5 b6 24. Qxc4 Rh1+ 25. Kxh1 Qxh3+ 26. Kg1 Re1+
27. Rf1 Re8 28. Bxg5 h6 29. Bf4 h5 30. Qa6+ Kd7 31. Qb7+ 1-0

[Event "Ruy Lopez U1400"]
[Site "Gatineau CAN"]
[Date "2022.12.06"]
[Round "6"]
[White "Gratton, Constant"]
[Black "Gagne, Learry"]
[Result "1/2-1/2"]
[WhiteElo "1252"]
[BlackElo "1132"]
[PlyCount "129"]
[EventDate "2022.11.01"]
[EventType "swiss"]
[EventRounds "7"]
[EventCountry "CAN"]
[TimeControl "60+30"]

1. e4 e6 2. d4 d5 3. Nc3 Bb4 4. a3 Bxc3+ 5. bxc3 b6 6. Bd3 Ne7 7. Nf3 O-O 8.
O-O c5 9. e5 Nbc6 10. Bg5 c4 11. Be2 Qc7 12. Qd2 Nf5 13. Qf4 f6 14. exf6 Qxf4
15. Bxf4 Rxf6 16. Bg5 Rf8 17. Ne5 Nxe5 18. dxe5 h6 19. g4 hxg5 20. gxf5 exf5
21. f4 g4 22. Rad1 Be6 23. Kg2 g6 24. Kg3 Kg7 25. h3 gxh3 26. Kxh3 Rh8+ 27. Kg3
Rh6 28. Bf3 Rah8 29. Rh1 Rxh1 30. Bxh1 Rd8 31. Bf3 Kh6 32. Rh1+ Kg7 33. Rb1 Kh6
34. Rd1 g5 35. Rh1+ Kg7 36. fxg5 d4 37. Rd1 d3 38. cxd3 Rxd3 39. Rxd3 cxd3 40.
Kf4 d2 41. Ke3 Kg6 42. Kxd2 Kxg5 43. Ke3 Bf7 44. Kd4 Kf4 45. Bd5 Bh5 46. e6 Kg3
47. e7 f4 48. Bb7 f3 49. Ba6 Kg2 50. Kd5 f2 51. a4 f1=Q 52. Bxf1+ Kxf1 53. Kc6
Ke2 54. Kb7 Kd3 55. Kxa7 Be8 56. Kxb6 Bxa4 57. Ka5 Be8 58. Kb4 Ke4 59. Kc5 Ke5
60. c4 Ke6 61. Kb6 Kxe7 62. c5 Kd8 63. Kb7 Bd7 64. c6 Bxc6+ 65. Kxc6 1/2-1/2

[Event "Ruy Lopez U1400"]
[Site "Gatineau CAN"]
[Date "2022.12.06"]
[Round "6"]
[White "Paradis, Emile"]
[Black "Godbout, Elliott"]
[Result "0-1"]
[WhiteElo "1340"]
[BlackElo "1370"]
[PlyCount "112"]
[EventDate "2022.11.01"]
[EventType "swiss"]
[EventRounds "7"]
[EventCountry "CAN"]
[TimeControl "60+30"]

1. e4 e5 2. Nf3 Nc6 3. Bc4 h6 4. d4 exd4 5. Nxd4 Bc5 6. Nxc6 bxc6 7. Nc3 d6 8.
a3 Nf6 9. O-O O-O 10. b4 Bb6 11. Bb2 Be6 12. Bd3 Ng4 13. Qd2 Qh4 14. h3 Ne5 15.
Ne2 Bxh3 16. Bxe5 Bxg2 17. Kxg2 dxe5 18. f3 Qg5+ 19. Qxg5 hxg5 20. c4 Rad8 21.
Rad1 Bd4 22. Bc2 c5 23. Rh1 Bb2 24. bxc5 Bxa3 25. Rh5 f6 26. c6 Rxd1 27. Bxd1
Rd8 28. Rh1 Rd6 29. Ba4 Rd2 30. Kf2 Bc5+ 31. Ke1 Ra2 32. Nc3 Bb4 33. Kf1 Bxc3
34. Bb3 Ra1+ 35. Kg2 Rxh1 36. c5+ Kf8 37. Kxh1 Bd4 38. Bc2 Bxc5 39. Bd3 a5 40.
Bc2 Ke7 41. Kg2 Kd6 42. Kg3 Kxc6 43. Ba4+ Kd6 44. Kg4 Be3 45. Kf5 c5 46. Bb3
Kc6 47. Kg6 Kb5 48. Kxg7 c4 49. Bc2 Kb4 50. Kxf6 Bf4 51. Ke6 a4 52. Kd5 a3 53.
Bb1 Kb3 54. Kc5 c3 55. Kb5 c2 56. Bxc2+ Kxc2 0-1

[Event "Ruy Lopez U1400"]
[Site "Gatineau CAN"]
[Date "2022.12.06"]
[Round "6"]
[White "Simard, Paul"]
[Black "Vachon, Jean-Clement"]
[Result "1-0"]
[WhiteElo "1257"]
[BlackElo "1133"]
[PlyCount "107"]
[EventDate "2022.11.01"]
[EventType "swiss"]
[EventRounds "7"]
[EventCountry "CAN"]

1. d4 d5 2. Bf4 Bf5 3. Nf3 e6 4. e3 c5 5. c4 cxd4 6. Nxd4 Bg6 7. Be2 Bd6 8.
Bxd6 Qxd6 9. O-O dxc4 10. Bxc4 Qb4 11. Qb3 Qxb3 12. Bxb3 Nf6 13. Nc3 a6 14.
Rac1 O-O 15. a4 Nbd7 16. Nce2 Rac8 17. Nf3 Nc5 18. Ned4 Nxb3 19. Nxb3 Rc2 20.
Rxc2 Bxc2 21. Nfd4 Bxb3 22. Nxb3 Rc8 23. Rd1 h6 24. Na5 b6 25. Nb7 a5 26. Rd8+
Rxd8 27. Nxd8 Kf8 28. Nc6 Nd5 29. h4 f5 30. g3 Ke8 31. Nd4 Kd7 32. Kf1 Ne7 33.
f4 Kd6 34. Ke2 e5 35. Nb5+ Kd5 36. fxe5 Kxe5 37. Kd3 Nd5 38. Nc3 Nxc3 39. bxc3
Kd5 40. c4+ Ke5 41. h5 Ke6 42. Kd4 Kd6 43. e4 fxe4 44. Kxe4 Kc5 45. Kf5 Kxc4
46. Kg6 Kd5 47. Kxg7 Ke6 48. Kxh6 Kf6 49. Kh7 b5 50. axb5 a4 51. b6 a3 52. b7
a2 53. b8=Q a1=Q 54. Qh8+ 1-0

[Event "Ruy Lopez U1400"]
[Site "Gatineau CAN"]
[Date "2022.12.13"]
[Round "7"]
[White "Arvisais, Eric"]
[Black "Albert, Michel"]
[Result "1-0"]
[WhiteElo "1190"]
[BlackElo "1253"]
[PlyCount "53"]
[EventDate "2022.11.01"]
[EventType "swiss"]
[EventRounds "7"]
[EventCountry "CAN"]
[TimeControl "60+30"]

1. d4 f5 2. c4 Nf6 3. Bg5 e6 4. Nc3 Be7 5. e3 O-O 6. Bd3 d6 7. Nf3 Bd7 8. O-O
Na6 9. Qb3 Qe8 10. Qxb7 Bc8 11. Qxa8 Nb4 12. Rfd1 Nc6 13. Bxf6 Bxf6 14. d5 exd5
15. cxd5 Ne5 16. Nxe5 Bxe5 17. f4 Bf6 18. Qxa7 Qe7 19. Re1 g6 20. Nb5 Bxb2 21.
Rab1 Bg7 22. Qxc7 Bd7 23. Qxd6 Qd8 24. a4 Rf6 25. Qc7 Qc8 26. d6 Bxb5 27. Qxc8+
1-0

[Event "Ruy Lopez U1400"]
[Site "Gatineau CAN"]
[Date "2022.12.13"]
[Round "7"]
[White "Gagne, Learry"]
[Black "Chenard, Paul"]
[Result "1-0"]
[WhiteElo "1132"]
[BlackElo "993"]
[PlyCount "79"]
[EventDate "2022.11.01"]
[EventType "swiss"]
[EventRounds "7"]
[EventCountry "CAN"]
[TimeControl "60+30"]

1. d4 Nf6 2. c4 Nc6 3. Nc3 d5 4. e3 e5 5. c5 exd4 6. exd4 Qe7+ 7. Qe2 Nxd4 8.
Qxe7+ Bxe7 9. Bd3 O-O 10. b4 a6 11. Nge2 Re8 12. Be3 Nxe2 13. Kxe2 Bg4+ 14. f3
Bh5 15. g4 Nxg4 16. fxg4 Bxg4+ 17. Kd2 d4 18. Bxd4 Bg5+ 19. Kc2 Rad8 20. Rhe1
Re7 21. Rxe7 Bxe7 22. Be5 Rd7 23. Rg1 h5 24. h3 f6 25. hxg4 fxe5 26. gxh5 Bf6
27. Be4 c6 28. Bf5 Rd4 29. Ne4 Rc4+ 30. Kb3 b5 31. Be6+ Kf8 32. Bxc4 bxc4+ 33.
Kxc4 Be7 34. a4 Kf7 35. b5 cxb5+ 36. axb5 axb5+ 37. Kxb5 Bd8 38. Kc6 Kf8 39.
Kd7 Be7 40. c6 1-0

[Event "Ruy Lopez U1400"]
[Site "Gatineau CAN"]
[Date "2022.12.13"]
[Round "7"]
[White "Godbout, Elliott"]
[Black "Carabineanu, Marcel"]
[Result "1-0"]
[WhiteElo "1370"]
[BlackElo "1246"]
[PlyCount "69"]
[EventDate "2022.11.01"]
[EventType "swiss"]
[EventRounds "7"]
[EventCountry "CAN"]
[TimeControl "60+30"]

1. d4 d5 2. c4 e6 3. e3 Nf6 4. Nf3 Bd6 5. Nc3 Nc6 6. a3 O-O 7. Bd3 b6 8. O-O
Bb7 9. cxd5 exd5 10. Qc2 g6 11. b4 a6 12. Bb2 Ne7 13. Rfe1 Re8 14. Rac1 b5 15.
h3 c6 16. e4 dxe4 17. Bxe4 Nxe4 18. Nxe4 Nd5 19. Nc5 Bc8 20. Nb3 Bd7 21. Na5
Rc8 22. Nb7 Qc7 23. Nc5 Rxe1+ 24. Rxe1 Ra8 25. Rc1 Bf5 26. Qd1 a5 27. Qb3 a4
28. Qd1 Re8 29. Nd3 Be4 30. Nde5 f6 31. Rxc6 Qe7 32. Nd3 Bxf3 33. Qxf3 f5 34.
Qxd5+ Kg7 35. Qxd6 1-0

[Event "Ruy Lopez U1400"]
[Site "Gatineau CAN"]
[Date "2022.12.13"]
[Round "7"]
[White "Gratton, Marcel"]
[Black "Couture, Vincent"]
[Result "0-1"]
[WhiteElo "1102"]
[BlackElo "1357"]
[PlyCount "122"]
[EventDate "2022.11.01"]
[EventType "swiss"]
[EventRounds "7"]
[EventCountry "CAN"]

1. e4 e5 2. Nf3 Nc6 3. Bc4 h6 4. d3 Nf6 5. h3 Bc5 6. a3 a6 7. b4 Ba7 8. Bb2 d6
9. Nc3 b5 10. Bb3 Ne7 11. a4 c6 12. Qe2 Nh5 13. g3 Bb7 14. Nh4 d5 15. Qxh5 Qb6
16. Rf1 Qd8 17. Qxe5 f6 18. Qh5+ Kf8 19. Ng6+ Nxg6 20. Qxg6 Qe8 21. Qf5 Bd4 22.
O-O-O Bc8 23. Qf4 Be5 24. Qe3 d4 25. Qd2 dxc3 26. Bxc3 Bxc3 27. Qxc3 Bxh3 28.
Rfe1 Be6 29. Qc5+ Kf7 30. f4 Bxb3 31. cxb3 Qe6 32. Qc3 Rac8 33. f5 Qd6 34. e5
fxe5 35. Rxe5 Rce8 36. Ree1 Rxe1 37. Rxe1 Re8 38. Re6 Rxe6 39. fxe6+ Qxe6 40.
Kb2 Qe2+ 41. Qc2 Qe5+ 42. Qc3 Qxc3+ 43. Kxc3 Ke6 44. Kd4 Kd6 45. g4 g6 46. Ke4
Ke6 47. d4 h5 48. gxh5 gxh5 49. Kf4 Kd5 50. Ke3 h4 51. Kf3 Kxd4 52. Kg4 Kc3 53.
Kxh4 Kxb3 54. axb5 cxb5 55. Kg4 Kxb4 56. Kf4 a5 57. Ke4 a4 58. Kd3 Kb3 59. Kd4
a3 60. Kc5 Ka4 61. Kd4 a2 0-1

[Event "Ruy Lopez U1400"]
[Site "Gatineau CAN"]
[Date "2022.12.13"]
[Round "7"]
[White "Laflamme, Mathieu"]
[Black "Boutin, Michel"]
[Result "1-0"]
[WhiteElo "950"]
[BlackElo "1129"]
[PlyCount "55"]
[EventDate "2022.11.01"]
[EventType "swiss"]
[EventRounds "7"]
[EventCountry "CAN"]
[TimeControl "60+30"]

1. d4 d5 2. c4 Nf6 3. Nc3 Bf5 4. Bf4 a6 5. e3 e6 6. Nf3 Bd6 7. Bxd6 Qxd6 8. c5
Qe7 9. Qb3 c6 10. Ne5 O-O 11. Be2 Qc7 12. Na4 Ra7 13. O-O a5 14. Qb6 Qxb6 15.
cxb6 Ra8 16. h3 Nbd7 17. Nxd7 Nxd7 18. Rac1 Rfe8 19. Nc5 Nxb6 20. Nxb7 Rec8 21.
Nd6 Rc7 22. Nxf5 exf5 23. b3 Re8 24. Bd3 g6 25. Rc5 a4 26. Ra5 axb3 27. axb3
Ra8 28. b4 1-0

[Event "Scarborough CC Falling Leaves"]
[Site "Toronto CAN"]
[Date "2022.11.17"]
[Round "1.1"]
[White "Wu, Benjamin"]
[Black "Southam, David"]
[Result "0-1"]
[WhiteElo "1846"]
[BlackElo "2115"]
[PlyCount "76"]
[EventDate "2022.11.17"]
[EventType "swiss"]
[EventRounds "6"]
[EventCountry "CAN"]

1. d4 e6 2. e4 d5 3. e5 c5 4. c3 Nc6 5. Nf3 Bd7 6. Bd3 cxd4 7. cxd4 Qb6 8. Bc2
Nb4 9. Nc3 Nxc2+ 10. Qxc2 Ne7 11. O-O Nf5 12. Be3 Be7 13. Rac1 O-O 14. g4 Nxe3
15. fxe3 Rac8 16. Qd2 Bc6 17. Rfd1 Kh8 18. Rf1 Qd8 19. h3 Qd7 20. a3 a5 21. Ne2
Bb5 22. Rxc8 Rxc8 23. Rc1 Rxc1+ 24. Nxc1 Qc6 25. Ne1 h6 26. Qc2 Bg5 27. Qd2 Qc4
28. Ned3 Qxd4 29. exd4 Bxd2 30. Kf2 b6 31. Nb3 Bg5 32. Ke2 Kh7 33. Na1 Kg6 34.
Nc2 h5 35. b3 hxg4 36. hxg4 Bf4 37. Nce1 Kg5 38. Kf3 Bd2 0-1

[Event "Scarborough CC Falling Leaves"]
[Site "Toronto CAN"]
[Date "2022.11.17"]
[Round "1.3"]
[White "Chamberland, Luc"]
[Black "Hay, Jonathan"]
[Result "0-1"]
[WhiteElo "1699"]
[BlackElo "2185"]
[PlyCount "90"]
[EventDate "2022.11.17"]
[EventType "swiss"]
[EventRounds "6"]
[EventCountry "CAN"]

1. e4 c6 2. d4 d5 3. exd5 cxd5 4. Bd3 Nc6 5. c3 Nf6 6. Nf3 Bg4 7. O-O e6 8. Bf4
Bd6 9. Bxd6 Qxd6 10. Nbd2 O-O 11. Re1 Qc7 12. h3 Bh5 13. g4 Bg6 14. Qe2 Rab8
15. Bxg6 hxg6 16. Ne5 b5 17. a3 a5 18. Nb3 Nxe5 19. Qxe5 Qa7 20. Nc5 Nd7 21.
Nxd7 Qxd7 22. Rac1 Rb7 23. h4 Qe7 24. g5 b4 25. cxb4 axb4 26. a4 b3 27. Rc5 Qd7
28. a5 Qa4 29. h5 gxh5 30. g6 fxg6 31. Qxe6+ Kh7 32. Rc8 Rbf7 33. Rxf8 Rxf8 34.
Qxd5 Qb4 35. Re2 Rf4 36. Re8 Rxd4 37. Qg8+ Kh6 38. Qh8+ Kg5 39. Re5+ Kf6 40.
Qe8 Rd1+ 41. Kg2 Qg4+ 42. Kh2 Qf4+ 43. Kg2 Qxe5 44. Qf8+ Kg5 45. f4+ Qxf4 0-1